00805nam a2200181 a 4500008004100000020001800041050001700059100001900076245010500095260004800200300001700248650002300265650002700288650005600315995010200371999001700473952013300490200720s2018 ||||||||||||||||| || u a9781107189959 aBD 418.3 Ell aEllis, Ralph D14aThe moral psychology of internal conflict : value, meaning, and the enactive mindcBy Ralph D. Ellis aCambridgebCambridge University Pressc2018 ax, 236 pages aPHILOSOPHY OF MIND aAFFECTIVE NEUROSCIENCE aPSYCHOLOGY--MORAL AND ETHICAL ASPECTS--CASE STUDIES D116.85FCBU-MAIN LIBRARY (Kitwe)M1UAVAILABLEWJul 27, 2020ZMain Library Open Access Collection c51673d51673 00102lcc4070a001b001cMain Library Open Access Collectiond2022-11-30l0oBD 418.3 Ellp750371r2022-11-30w2022-11-30y002